La posmodernidad: explicada a los niños
I tiakina i:
| Kaituhi matua: | |
|---|---|
| Hōputu: | Pukapuka |
| Reo: | Pāniora |
| I whakaputaina: |
Barcelona
Gedisa
1999
|
| Rangatū: | Colección Filosofía
|
| Ngā marau: | |
| Ngā Tūtohu: |
Tāpirihia he Tūtohu
Kāore He Tūtohu, Me noho koe te mea tuatahi ki te tūtohu i tēnei pūkete!
|
MARC
| LEADER | 00000nam a2200000 a 4500 | ||
|---|---|---|---|
| 001 | UCP8451 | ||
| 003 | CL-VaPUC | ||
| 005 | 20250127114345.0 | ||
| 008 | 000303e19990000SP |||||||||||||||||spa|d | ||
| 999 | |c 285347 |d 285345 | ||
| 020 | |a 978-84-7432-266-8 | ||
| 040 | |c Pontificia Universidad Católica de Valparaíso | ||
| 082 | 0 | 4 | |a 190 |2 21 |
| 100 | |a Lyotard, Jean-François |e autor |9 452660 | ||
| 245 | 1 | 3 | |a La posmodernidad: explicada a los niños |
| 260 | |a Barcelona |b Gedisa |c 1999 | ||
| 300 | |a 123 p | ||
| 490 | 0 | |a Colección Filosofía | |
| 583 | |a last modification |c 20000303 00:00:00 |k Rodrigo Vera | ||
| 650 | 0 | |a Posmodernidad |9 325588 | |
| 650 | 0 | |a Filosofía moderna |9 258121 | |
| 650 | 0 | |a Modernismo |9 267987 | |
| 942 | |c BK |2 ddc | ||
| 945 | |d 20000303 00:00:00 |a rbrito | ||
| 952 | |0 0 |1 4 |4 0 |6 190_000000000000000_LYO_1999 |7 0 |8 A |9 329886 |a FDOPOS |b BIBEDU |d 2019-11-20 |i 370050K |l 1 |o 190 LYO 1999 |p 370050K |r 2023-08-01 |s 2023-08-01 |w 2019-11-20 |y BK |k MLA | ||